Finite element methods for engineers (Record no. 576181)
[ view plain ]
| 000 -LEADER | |
|---|---|
| fixed length control field | 00503nam a22001817a 4500 |
| 003 - CONTROL NUMBER IDENTIFIER | |
| control field | CEME |
| 005 - DATE AND TIME OF LATEST TRANSACTION | |
| control field | 20210628204104.0 |
| 008 - FIXED-LENGTH DATA ELEMENTS--GENERAL INFORMATION | |
| fixed length control field | 210107b xxu||||| |||| 00| 0 eng d |
| 020 ## - INTERNATIONAL STANDARD BOOK NUMBER | |
| International Standard Book Number | 9789814272902 |
| 040 ## - CATALOGING SOURCE | |
| Transcribing agency | ceme |
| 082 ## - DEWEY DECIMAL CLASSIFICATION NUMBER | |
| Classification number | 620.00151536 DIX |
| 100 ## - MAIN ENTRY--PERSONAL NAME | |
| Personal name | Dixit, U.S |
| 9 (RLIN) | 68677 |
| 245 ## - TITLE STATEMENT | |
| Title | Finite element methods for engineers |
| 260 ## - PUBLICATION, DISTRIBUTION, ETC. | |
| Place of publication, distribution, etc. | SINGAPORE |
| Name of publisher, distributor, etc. | CENGAGE LEARNING |
| Date of publication, distribution, etc. | 2009 |
| 300 ## - PHYSICAL DESCRIPTION | |
| Extent | X, 422P |
| 650 ## - SUBJECT ADDED ENTRY--TOPICAL TERM | |
| Topical term or geographic name entry element | FEM FOR ENGINEERS.FINITE ELEMENT METHODS FOR ENGINEERS |
| 9 (RLIN) | 68678 |
| 942 ## - ADDED ENTRY ELEMENTS (KOHA) | |
| Koha item type | Book |
| Source of classification or shelving scheme | |
| Withdrawn status | Lost status | Source of classification or shelving scheme | Damaged status | Not for loan | Permanent Location | Current Location | Shelving location | Date acquired | Full call number | Barcode | Date last seen | Price effective from | Koha item type | Public note |
|---|---|---|---|---|---|---|---|---|---|---|---|---|---|---|
| College of Electrical & Mechanical Engineering (CEME) | College of Electrical & Mechanical Engineering (CEME) | General Stacks | 08/02/2017 | 620.00151536 DIX | CEME-46638 | 06/28/2021 | 06/28/2021 | Book | 4.0 |
